000 01050nam a22002657i 4500
003 EG-ScBUE
005 20230904093842.0
008 220731s2002 u o f 000 0 ara d
017 _a2002 / 14937
040 _aEG-ScBUE
_bara
_erda
_cEG-ScBUE
_dEG-ScBUE
082 0 4 _222
_a711.4
_bأ ب و
100 1 _aأبو سعدة، هشام جلال،
_eمؤلف.
245 1 0 _aحكايات ويوميات من ذاكرة عمران المدن :
_bترانيم 2002 م /
_cدكتور هشام جلال أبو سعدة، دكتور جمال عبد الغني.
250 _aالطبعة الأولى.
264 1 _aالقاهرة :
_bدار العالم العربي للطباعة،
_c2002.
300 _a151 صفحة :
_bصور ؛
_c26 سم
336 _2rdacontent
_aنص
_btxt
337 _2rdamedia
_aبدون وسيط
_bn
338 _2rdacarrier
_aمجلد
_bnc
541 _cDonation ;
_aProf. Ayman Othman.
650 7 _aتخطيط المدن.
_2BUEsh
655 _vReading book
700 1 _aعبد الغني، جمال،
_eمؤلف.
942 _2ddc
999 _c30508
_d30479